000 00352nam a22001457a 4500
003 MACL
005 20191126165756.0
008 191126b xxu||||| |||| 00| 0 eng d
040 _c MACL
100 _aSaxena, Prasoon
_977307
245 _aDisaster Management
260 _aDelhi
_bAryan Pra
_c2018
650 _aManagement
_977308
942 _2ddc
_cBK
999 _c61420
_d61420